Le beau-frère (Record no. 151817)

MARC details
000 -LEADER
campo de control de longitud fija 00958nam a22002175i 4500
001 - NÚMERO DE CONTROL
campo de control 151817
003 - IDENTIFICADOR DE NÚMERO DE CONTROL
campo de control ES-MaACL
005 - FECHA Y HORA DE LA ÚLTIMA TRANSACCIÓN
campo de control 20230906204409.0
008 - DATOS DE LONGITUD FIJA--INFORMACIÓN GENERAL
campo de control de longitud fija 051006s1874 fr | |||||||| ||fre d
040 ## - FUENTE DE CATALOGACIÓN
Centro catalogador/agencia de origen CAM
Lengua de catalogación spa
Centro/agencia transcriptor CAM
100 1# - ENTRADA PRINCIPAL--NOMBRE DE PERSONA
Nombre de persona Belot, Adolphe.
9 (RLIN) 27316
245 13 - MENCIÓN DEL TÍTULO
Título Le beau-frère
Resto del título : pièce en cinq actes /
Mención de responsabilidad, etc. de Adolphe Belot ; tirée du roman de Hector Malot.
260 ## - PUBLICACIÓN, DISTRIBUCIÓN, ETC.
Lugar de publicación, distribución, etc. Paris :
Nombre del editor, distribuidor, etc. E. Dentu,
Fecha de publicación, distribución, etc. 1874 (
Lugar de fabricación/manufactura Possy :
Fabricante Typ. S. Lejay et C.)
300 ## - DESCRIPCIÓN FÍSICA
Extensión 121 p. ;
Dimensiones 19 cm.
490 1# - MENCIÓN DE SERIE
Mención de serie Bibliothèque spéciale de la Société des auteurs et compositeurs dramatiques
500 ## - NOTA GENERAL
Nota general Representada por primera vez en el Théatre du Gymnase Dramatique, 1º septiembre 1873.
700 1# - ENTRADA AGREGADA--NOMBRE PERSONAL
Nombre de persona Malot, Hector.
9 (RLIN) 75849
830 0# - PUNTO DE ACCESO ADICIONAL DE SERIE-TÍTULO UNIFORME
Título uniforme Bibliothèque spéciale de la Société des auteurs et compositeurs dramatiques
9 (RLIN) 187679
852 ## - LOCALIZACIÓN
Ubicación ES-MaACL
Número de control de estantería D-2366
Nota libre -- Rúst.
-- -- Sello de la Société des Auteurs et Compositeurs Dramatiques
Holdings
Estatus retirado Estado de pérdida Estado de daño No para préstamo Colección Biblioteca de origen Biblioteca actual Ubicación en estantería Fecha de adquisición Fuente de adquisición Total de préstamos Signatura topográfica completa Código de barras Visto por última vez Precio de reemplazo Tipo de ítem Koha
        Libros del s. XIX Biblioteca del Ateneo de Madrid Biblioteca del Ateneo de Madrid Sala Valle Inclán 17/01/2008     D-2366 901158451 23/02/2023 23/02/2023 Libro impreso antiguo